LEADER 01532nam0 22003251i 450 001 UON00504213 005 20231205105428.505 010 $a978-14-05-12001-2 100 $a20201230d2006 |0itac50 ba 101 $aeng 102 $aUS 105 $a|||| 1|||| 200 1 $aˆA ‰concise companion to contemporary British fiction$fedited by James F. English 210 $aMalden$aOxford ; Victoria$cBlackwell$d2006 215 $axi, 281 p.$d23 cm 410 1$1001UON00261693$12001 $aBlackwell concise companions to literature and culture$1210 $aMalden$cBlackwell 606 $aLetteratura narrativa inglese$xSec. 20.-21.$xStudi$3UONC076742$2FI 620 $aGB$dOxford$3UONL000029 620 $aAU$dVictoria$3UONL000117 620 $aUS$dMalden (Mass.)$3UONL002005 676 $a823.91409$cNarrativa inglese, 1945-1999. Storia, descrizione, studi critici$v21 702 1$aEnglish$bJames F.$3UONV285203$4340 712 $aBlackwell$3UONV257126$4650 801 $aIT$bSOL$c20250606$gRICA 899 $aSIBA - SISTEMA BIBLIOTECARIO DI ATENEO$2UONSI 912 $aUON00504213 950 $aSIBA - SISTEMA BIBLIOTECARIO DI ATENEO$dSI Angl VI C 1128 $eSI 36824 5 1128 951 $aSIBA - SISTEMA BIBLIOTECARIO DI ATENEO$bSI2020517 1J 20201230 996 $aConcise Companion to Contemporary British Fiction$91763214 997 $aUNIOR